000 00770nam a2200229Ii 4500
003 JO-AjNU
008 230605s9999||||xx |||||||||||||| ||und||
017 _a2008/11/3839
020 _a978-9957-499-57-0
040 _aJO-AjNU
_bara
_erda
_cJO-AjNU
041 _aara
050 1 4 _aHF 5667 .S28 2009
100 3 _aسواد، زاهره عاطف,
_eauthor
_928327
245 0 0 _aمراجعة الحسابات والتدقيق
250 _aط1
264 3 1 _aعمان: دار الراية للنشر والتوزيع، 2009
300 _a246ص
_bيحتوي على ببلوغرافية من ص245-246ص
336 _atext
_btxt
_2rdacontent
337 _aunmediated
_bn
_2rdamedia
338 _avolume
_bnc
_2rdacarrier
650 4 _aتدقيق الحسابات
_928328
999 _aA10973
_c14541
_d14541